00999 a2200193 45000010006000000050017000060080041000230030015000640400040000790800045001192450076001640200018002402640056002583000019003145050412003330410008007451000028007537000024007814587720260407155731.0260407a2003 arg spa dAR-UNSa-BCEJYS aAR-UNSa-BCEJYSbspacAR-UNSa-BCEJYS a369.5xSeguro de vejez (de jubilación)10aProtección social, pensiones y géneropen Argentina, Brasil y Chile a92-2-313562-1 1aSantiago :bOficina Internacional del Trabajoc2003 a225 p.c23 cm. a1. Protección Social, pensiones y género / Fabio M. Bertranou – 2. Protección social, jubilaciones, pensiones y género en Argentina / Rafael Rofman, Carlos Grushka – 3. Protección social, jubilaciones, pensiones y género en Brasil / Enid Rocha da Silva, Helmut Schwarzer – 4. Protección social, jubilaciones, pensiones y género en Chile / Alberto Arenas de Mesa, Pamela Gana Cornejo -  aspa1 aArenas de Mesa, Alberto1 aBertranou, Fabio M.